[Event "Team women chess final 2021"]
[Site "?"]
[Date "2021.05.09"]
[Round "8.1"]
[White "Lagno, Kateryna"]
[Black "Zherebtsova, Alexandra"]
[Result "1-0"]
[WhiteElo "2546"]
[BlackElo "2141"]
[PlyCount "69"]
[EventDate "2021.??.??"]

1.e4 e5 2.Nf3 Nc6 3.Bb5 a6 4.Ba4 Nf6 5.O-O Be7 6.d3 b5 7.Bb3
d6 8.a4 Bg4 9.c3 O-O 10.h3 Bd7 11.Bc2 Re8 12.Re1 h6 13.Nbd2 Bf8
14.Nf1 g6 15.Ng3 Bg7 16.Be3 d5 17.Bc5 Be6 18.d4 Nd7 19.Qe2 Nxc5
20.dxc5 Qb8 21.Bd3 Na7 22.axb5 axb5 23.Ra5 c6 24.Rea1 Re7 25.h4
Rb7 26.h5 Qc7 27.hxg6 Rf8 28.Nh4 fxg6 29.Nxg6 Rf6 30.exd5 Bxd5
31.Qxe5 Qxe5 32.Nxe5 Nc8 33.Ra8 Rf8 34.Ng6 Re8 35.Bf5 1-0

[Event "Team women chess final 2021"]
[Site "?"]
[Date "2021.05.09"]
[Round "8.2"]
[White "Khokhlova, Daria"]
[Black "Shuvalova, Polina"]
[Result "0-1"]
[WhiteElo "2140"]
[BlackElo "2484"]
[PlyCount "104"]
[EventDate "2021.??.??"]

1.c4 e5 2.Nc3 Nf6 3.g3 d5 4.cxd5 Nxd5 5.Bg2 Nb6 6.Nf3 Nc6 7.O-O
Be7 8.Rb1 a5 9.d3 O-O 10.Be3 Be6 11.a3 f5 12.b4 axb4 13.axb4
Bf6 14.Qc1 h6 15.Nd2 Qc8 16.Nb3 f4 17.Bc5 Rf7 18.b5 Nd4 19.Nxd4
exd4 20.Ne4 Be5 21.gxf4 Rxf4 22.Bxd4 Rxe4 23.Bxb6 Rg4 24.f4 Bd5
25.e4 Ra2 26.Rf2 Bxf4 27.Be3 Rxf2 28.Kxf2 Bxe3+ 29.Qxe3 Be6 30.d4
Qf8+ 31.Kg1 Qe7 32.Kh1 b6 33.Rc1 Rg5 34.e5 Qd7 35.Rb1 Bd5 36.Rb2
Bxg2+ 37.Rxg2 Qd5 38.Qf2 Rxg2 39.Qxg2 Qxd4 40.Qe2 Qd5+ 41.Kg1
Kf7 42.Kf2 Qd4+ 43.Kg2 Ke6 44.h3 Qd5+ 45.Kf2 Qxe5 46.Qc4+ Ke7
47.Kf3 Qc5 48.Qe4+ Kf7 49.Qd3 Kf6 50.Qd8+ Qe7 51.Qd4+ Qe5 52.Qd8+
Kg6 0-1

[Event "Team women chess final 2021"]
[Site "?"]
[Date "2021.05.09"]
[Round "8.3"]
[White "Bivol, Alina"]
[Black "Doroshenko, Diana"]
[Result "1-0"]
[WhiteElo "2385"]
[BlackElo "2170"]
[PlyCount "174"]
[EventDate "2021.??.??"]

1.e4 c5 2.Nf3 g6 3.d4 cxd4 4.Qxd4 Nf6 5.Nc3 Nc6 6.Qa4 d6 7.e5
dxe5 8.Nxe5 Bg7 9.Bb5 O-O 10.Nxc6 bxc6 11.Bxc6 Bd7 12.Bxd7 Nxd7
13.O-O Nb6 14.Qe4 Bxc3 15.bxc3 Re8 16.Be3 Rc8 17.Rfd1 Qc7 18.Rd3
Nc4 19.Bf4 Qc6 20.Qxc6 Rxc6 21.Rd7 a6 22.Re1 Nb6 23.Ra7 Nd5 24.Bh6
f6 25.Rd7 Nxc3 26.Rexe7 Rxe7 27.Rxe7 Nxa2 28.Rg7+ Kh8 29.Ra7
Kg8 30.Rg7+ Kh8 31.Rf7 Rc8 32.Rxf6 Kg8 33.Rxa6 Nb4 34.Ra7 Nxc2
35.h3 Nd4 36.Rg7+ Kh8 37.Rd7 Nf5 38.Bg5 Kg8 39.g4 Ng7 40.Bh6
Ne8 41.Re7 Nd6 42.Rg7+ Kh8 43.Rd7 Ne8 44.Re7 Nd6 45.Bf4 Nc4 46.Bg5
Rc6 47.Bh6 Rc8 48.Kg2 Kg8 49.Rg7+ Kh8 50.Rd7 Kg8 51.Bg7 Nd6 52.Bf6
Nf7 53.Ra7 Kf8 54.Kf3 Re8 55.Kf4 Kg8 56.h4 Kf8 57.f3 Kg8 58.Re7
Ra8 59.Ke4 Kf8 60.Rc7 Ke8 61.Bd4 Kf8 62.Bc3 Re8+ 63.Kd3 Rd8+
64.Bd4 Ne5+ 65.Ke4 Nf7 66.f4 Re8+ 67.Be5 Rd8 68.Rb7 Rd1 69.Ra7
Ke8 70.Bf6 Nd6+ 71.Kf3 Nf7 72.g5 Rh1 73.Bd4 Kf8 74.Ra8+ Ke7 75.Bc5+
Ke6 76.Kg3 Nd6 77.Ra6 Rd1 78.Kf3 Rd5 79.Bxd6 Rxd6 80.Ra7 Rd7
81.Rxd7 Kxd7 82.h5 Kd6 83.f5 gxh5 84.Kg3 Ke5 85.f6 Ke6 86.Kh4
h6 87.Kxh5 Kd5 1-0

[Event "Team women chess final 2021"]
[Site "?"]
[Date "2021.05.09"]
[Round "8.4"]
[White "Dubnikova, Anastasia"]
[Black "Voit, Daria"]
[Result "1-0"]
[WhiteElo "2197"]
[BlackElo "2360"]
[PlyCount "75"]
[EventDate "2021.??.??"]

1.d4 Nf6 2.Nf3 e6 3.Bf4 b6 4.e3 Bb7 5.Bd3 c5 6.Nbd2 d6 7.O-O
Be7 8.h3 O-O 9.c3 cxd4 10.exd4 Nbd7 11.Re1 Qc7 12.a4 a6 13.Qc2
Rfe8 14.Bh2 Rac8 15.Ng5 Nf8 16.Nde4 Nd5 17.Bxd6 Bxd6 18.Nxd6
Qxd6 19.Bxh7+ Nxh7 20.Qxh7+ Kf8 21.Qh8+ Ke7 22.Qxg7 Kd7 23.c4
Nf4 24.d5 Kc7 25.Qxf7+ Kb8 26.Nxe6 Nxe6 27.Rxe6 Rxe6 28.Qxe6
Qxe6 29.dxe6 Rxc4 30.Re1 Re4 31.Rxe4 Bxe4 32.a5 bxa5 33.g4 Bd5
34.f4 Bxe6 35.f5 Bc4 36.h4 Be2 37.f6 Bc4 38.h5 1-0

[Event "Team women chess final 2021"]
[Site "?"]
[Date "2021.05.09"]
[Round "8.5"]
[White "Murashova, Ekaterina"]
[Black "Gunina, Valentina"]
[Result "0-1"]
[WhiteElo "2237"]
[BlackElo "2421"]
[PlyCount "144"]
[EventDate "2021.??.??"]

1.e4 c5 2.Nf3 e6 3.g3 d5 4.exd5 exd5 5.d4 Nc6 6.Bg2 Bg4 7.O-O
cxd4 8.h3 Bxf3 9.Qxf3 Nf6 10.Bg5 Be7 11.Nd2 O-O 12.Bxf6 Bxf6
13.Qxd5 Qxd5 14.Bxd5 Rac8 15.a3 Rfd8 16.Be4 Ne5 17.Rad1 b5 18.b3
Be7 19.f4 Nd7 20.Nf3 Bxa3 21.Nxd4 Nf6 22.Bf5 Rc5 23.Rd3 g6 24.Nxb5
Rxd3 25.Bxd3 Bb4 26.Nxa7 h5 27.Nb5 Rc8 28.Ra1 Nd5 29.Ra4 Re8
30.Ra1 Re3 31.Ra8+ Kg7 32.Rd8 Nf6 33.Kf2 Re7 34.Kf3 Ba5 35.Rd6
Bb4 36.Rd8 Bc5 37.Rc8 Re3+ 38.Kg2 Bb4 39.Kf2 Bd2 40.Nd6 Nd5 41.Nc4
Be1+ 42.Kf1 Re7 43.Rd8 Nc7 44.Kg2 h4 45.gxh4 Ne6 46.Rd6 Nxf4+
47.Kf3 Nxh3 48.Rd4 f5 49.Kg2 Bc3 50.Rd6 Nf4+ 51.Kf3 Ne6 52.Nb6
Nd4+ 53.Kg2 Nxc2 54.Nd5 Ne3+ 55.Nxe3 Rxe3 56.h5 gxh5 57.Bxf5
Be5 58.Rg6+ Kf8 59.Rh6 Rg3+ 60.Kh1 Rg5 61.Bg6 Bg7 62.Rxh5 Rxg6
63.Rh3 Ke7 64.Rd3 Ke6 65.Rf3 Be5 66.b4 Kd5 67.b5 Ke4 68.Rb3 Bd4
69.Kh2 Be3 70.Rb4+ Kf3 71.Rh4 Bf4+ 72.Kh1 Rd6 0-1

[Event "Team women chess final 2021"]
[Site "?"]
[Date "2021.05.09"]
[Round "8.6"]
[White "Badelka, Olga"]
[Black "Balaian, Alina"]
[Result "0-1"]
[WhiteElo "2433"]
[BlackElo "2249"]
[PlyCount "66"]
[EventDate "2021.??.??"]

1.d4 Nf6 2.c4 g6 3.Nc3 Bg7 4.e4 d6 5.Be2 O-O 6.Be3 c5 7.d5 e6
8.Nf3 exd5 9.cxd5 b5 10.e5 Ng4 11.Bg5 f6 12.exf6 Nxf6 13.Nxb5
Qb6 14.O-O Ne4 15.Qa4 Bf5 16.Be3 a6 17.Rae1 Bxb2 18.Nh4 axb5
19.Qxa8 Bd7 20.Bh6 Rd8 21.Bg4 Na6 22.Bxd7 Rxa8 23.Rxe4 Nc7 24.Bc6
Rxa2 25.Bf4 Ra4 26.Rfe1 Bc3 27.Bxd6 Bxe1 28.Rxe1 Qa5 29.Nf3 Ra1
30.Kf1 b4 31.Be5 Qa6+ 32.Kg1 Rxe1+ 33.Nxe1 Qe2 0-1

[Event "Team women chess final 2021"]
[Site "?"]
[Date "2021.05.09"]
[Round "8.7"]
[White "Nazarova, Anastasia"]
[Black "Maltsevskaya, Aleksandra"]
[Result "0-1"]
[WhiteElo "2159"]
[BlackElo "2360"]
[PlyCount "132"]
[EventDate "2021.??.??"]

1.e4 e5 2.Nf3 Nc6 3.Bb5 a6 4.Ba4 Nf6 5.d3 b5 6.Bb3 Be7 7.O-O
O-O 8.Nc3 d6 9.a3 Rb8 10.Nd5 Nxd5 11.Bxd5 Bd7 12.c3 Bf6 13.b4
Ne7 14.Bb3 Ng6 15.Re1 c5 16.Be3 Qe7 17.h3 Rfc8 18.Qd2 h6 19.Rad1
Be6 20.Qb2 Rb7 21.d4 Bxb3 22.Qxb3 cxd4 23.cxd4 Rbc7 24.dxe5 Nxe5
25.Nd4 Nc4 26.Bc1 Bxd4 27.Rxd4 Qf6 28.Red1 Na5 29.bxa5 Rxc1 30.Rxc1
Rxc1+ 31.Rd1 Qe6 32.Qd3 Rxd1+ 33.Qxd1 Qxe4 34.Qxd6 Qe1+ 35.Kh2
Qxa5 36.Qe7 g6 37.Qe8+ Kg7 38.Qe5+ Kf8 39.Qh8+ Ke7 40.Qe5+ Kd7
41.Qd5+ Kc8 42.Qa8+ Kc7 43.Qa7+ Kc6 44.Qa8+ Kc7 45.Qa7+ Kd8 46.Qa8+
Ke7 47.Qe4+ Kf8 48.Qe3 Qc7+ 49.g3 Kg7 50.h4 h5 51.Qd4+ Kh7 52.Qb4
Qb6 53.Qf4 Kg8 54.Kg1 a5 55.Qe4 b4 56.Qe8+ Kg7 57.Qe5+ Qf6 58.Qxa5
Qa1+ 59.Kg2 bxa3 60.g4 Qb2 61.gxh5 a2 62.h6+ Kxh6 63.Qg5+ Kg7
64.h5 a1Q 65.h6+ Kh7 66.Qe7 Qf6 0-1

[Event "Team women chess final 2021"]
[Site "?"]
[Date "2021.05.09"]
[Round "8.8"]
[White "Solozhenkina, Elizaveta"]
[Black "Yurasova, Daria"]
[Result "1/2-1/2"]
[WhiteElo "2308"]
[BlackElo "2101"]
[PlyCount "91"]
[EventDate "2021.??.??"]

1.e4 e5 2.Nf3 Nc6 3.Bb5 a6 4.Ba4 Nf6 5.O-O b5 6.Bb3 Bc5 7.a4
Bb7 8.c3 d6 9.d4 Bb6 10.Re1 h6 11.h3 O-O 12.d5 Na5 13.Bc2 c6
14.dxc6 Bxc6 15.Nbd2 Re8 16.Nf1 Qc7 17.Ng3 Rad8 18.axb5 axb5
19.Nh4 d5 20.Qe2 dxe4 21.Nxe4 Nxe4 22.Bxe4 Bxe4 23.Qxe4 Nb3 24.Rb1
Nxc1 25.Rbxc1 Rd2 26.Re2 Rd4 27.cxd4 Qxc1+ 28.Kh2 Bxd4 29.Nf5
Rd8 30.Ne7+ Kh8 31.Nc6 Rd6 32.Nxe5 Qc7 33.f4 Bxe5 34.Qxe5 Qc4
35.Qxd6 Qxe2 36.b4 Qc4 37.Kg3 Qc3+ 38.Kf2 Qc2+ 39.Kg1 Qc1+ 40.Kh2
Qc4 41.h4 Kh7 42.h5 Qe4 43.Kh3 Qe3+ 44.Kh2 Qe4 45.Kh3 Qe3+ 46.Kh2 1/2-1/2

[Event "Team women chess final 2021"]
[Site "?"]
[Date "2021.05.09"]
[Round "8.9"]
[White "Bodnaruk, Anastasia"]
[Black "Vasilevich, Tatjana"]
[Result "1-0"]
[WhiteElo "2457"]
[BlackElo "2355"]
[PlyCount "129"]
[EventDate "2021.??.??"]

1.e4 g6 2.d4 Bg7 3.Nc3 d6 4.Be3 a6 5.Qd2 b5 6.h4 h6 7.f3 Bb7
8.O-O-O Nd7 9.Nh3 Nb6 10.a3 e6 11.g4 Qd7 12.d5 e5 13.g5 hxg5
14.hxg5 O-O-O 15.Qf2 Na8 16.Rh2 Ne7 17.Ng1 Rxh2 18.Qxh2 Rh8 19.Bh3
Kd8 20.Qg3 Qe8 21.Na2 Bc8 22.Bf1 Bd7 23.f4 Kc8 24.Nf3 exf4 25.Bxf4
Nb6 26.Re1 Kb7 27.e5 Nf5 28.Qf2 Qc8 29.Nb4 Re8 30.Bg2 a5 31.Nc6
Nxd5 32.Qa7+ Kxc6 33.Rd1 Be6 34.Nd4+ Kd7 35.Nxf5 gxf5 36.exd6
Nxf4 37.dxc7+ Nd5 38.Bxd5 Bxd5 39.Rxd5+ Ke6 40.Qc5 f6 41.Kb1
Kf7 42.Qd6 fxg5 43.Rxb5 Re7 44.Qd5+ Kg6 45.Rc5 Bf6 46.Qd6 Qb7
47.Rc3 Qc8 48.Rc6 Rf7 49.Qd8 Qxc7 50.Rxf6+ Kh5 51.Qe8 Kg4 52.Rxf7
Qc4 53.b3 Qf1+ 54.Kb2 Qf2 55.Qe5 f4 56.Qf5+ Kf3 57.Qxg5 Qd4+
58.Ka2 Qe4 59.Rc7 a4 60.Rc3+ Kf2 61.Qh4+ Ke2 62.Qh2+ Ke1 63.Rc4
axb3+ 64.cxb3 Qe3 65.Qxf4 1-0

[Event "Team women chess final 2021"]
[Site "?"]
[Date "2021.05.09"]
[Round "8.11"]
[White "Getman, Tatyana"]
[Black "Potapova, Margarita"]
[Result "1/2-1/2"]
[WhiteElo "2201"]
[BlackElo "2252"]
[PlyCount "169"]
[EventDate "2021.??.??"]

1.d4 Nf6 2.c4 g6 3.Nc3 Bg7 4.e4 d6 5.Be2 O-O 6.Be3 c6 7.Nf3 a6
8.Qc2 b5 9.b3 bxc4 10.bxc4 c5 11.Rd1 Ng4 12.Bg5 Nc6 13.dxc5 Qa5
14.Bd2 Qxc5 15.O-O Rb8 16.h3 Nge5 17.Nxe5 Bxe5 18.Rb1 Be6 19.Nd5
Bxd5 20.exd5 Nd4 21.Qd3 Rxb1 22.Rxb1 Rc8 23.Bf1 f5 24.Bb4 Qa7
25.Bc3 f4 26.Rd1 Nf5 27.Bxe5 dxe5 28.Qe4 Qc7 29.Re1 Kf7 30.Bd3
Qd6 31.Qe2 Ng7 32.Qxe5 a5 33.Qd4 Qf6 34.Qxf6+ Kxf6 35.Rb1 Ke5
36.Kf1 Kd4 37.Ke2 Nh5 38.Kd2 Rc7 39.Rb5 Nf6 40.Rxa5 Rb7 41.Kc2
Nd7 42.Be2 Nc5 43.Ra3 g5 44.g3 Rc7 45.gxf4 gxf4 46.h4 Rb7 47.h5
h6 48.Bf1 Rc7 49.Ra8 Rb7 50.Ra5 Rc7 51.a4 Rb7 52.Rb5 Ra7 53.a5
Ra6 54.Bg2 f3 55.Bxf3 Rf6 56.Be2 Rxf2 57.Kd2 Rg2 58.Rb6 Rg1 59.Rg6
Ra1 60.Bd1 Ne4+ 61.Kc2 Rxa5 62.Rxh6 Ra2+ 63.Kb3 Rd2 64.Bg4 Nc5+
65.Kb4 Rb2+ 66.Ka3 Kc3 67.Re6 Rb3+ 68.Ka2 Rb2+ 69.Ka3 Rb3+ 70.Ka2
Rb2+ 71.Ka3 Rb8 72.Re3+ Kxc4 73.Be2+ Kxd5 74.Rxe7 Rb3+ 75.Ka2
Rh3 76.Kb2 Rh2 77.Kc3 Ne4+ 78.Kd3 Rh3+ 79.Kc2 Rh2 80.Kd3 Rh3+
81.Kc2 Nd6 82.Ra7 Rh2 83.Kd3 Rh3+ 84.Kc2 Rh2 85.Kd3 1/2-1/2

[Event "Team women chess final 2021"]
[Site "?"]
[Date "2021.05.09"]
[Round "8.12"]
[White "Tomilova, Elena"]
[Black "Chernyak, Viktoria"]
[Result "1-0"]
[WhiteElo "2338"]
[BlackElo "2329"]
[PlyCount "71"]
[EventDate "2021.??.??"]

1.d4 d5 2.c4 e6 3.Nc3 Be7 4.Nf3 Nf6 5.Bf4 O-O 6.e3 a6 7.c5 b6
8.b4 a5 9.a3 Bb7 10.Bd3 Ne4 11.Qc1 f5 12.Nb5 Na6 13.c6 Bc8 14.bxa5
bxa5 15.O-O Rb8 16.Qc2 Rb6 17.Rfc1 Nd6 18.Qa4 Nb8 19.Nxd6 Bxd6
20.Rab1 Qe7 21.Bxd6 Qxd6 22.Ne5 g5 23.f4 h6 24.h3 Kg7 25.Bb5
Ba6 26.Bxa6 Rxa6 27.Rc3 Rd8 28.Rb7 Kg8 29.Qb5 Ra8 30.Qe2 gxf4
31.exf4 Rf8 32.Rg3+ Kh7 33.Qh5 Rf6 34.Rg6 Qf8 35.Rxc7+ Kh8 36.Rxf6 1-0

[Event "Team women chess final 2021"]
[Site "?"]
[Date "2021.05.10"]
[Round "9.1"]
[White "Murashova, Ekaterina"]
[Black "Lagno, Kateryna"]
[Result "0-1"]
[WhiteElo "2237"]
[BlackElo "2546"]
[PlyCount "88"]
[EventDate "2021.??.??"]

1.e4 d6 2.d4 g6 3.Nc3 Bg7 4.Be3 a6 5.Qd2 Nd7 6.h4 h6 7.f3 b5
8.Nh3 Nb6 9.Nf2 Nf6 10.a4 b4 11.Ncd1 a5 12.c3 Nh5 13.g4 bxc3
14.Nxc3 Nf6 15.Rc1 c6 16.b3 Be6 17.d5 cxd5 18.Bb5+ Kf8 19.Bc6
Rc8 20.exd5 Nbxd5 21.Bxd5 Nxd5 22.Bd4 Nb4 23.O-O Nc6 24.Bxg7+
Kxg7 25.Nd5 Bxd5 26.Qxd5 Qb6 27.Kg2 Nb4 28.Qe4 e5 29.h5 Rhe8
30.g5 hxg5 31.Qg4 Rxc1 32.Rxc1 Nd5 33.h6+ Kh7 34.Qd7 Re7 35.Qc8
Nf4+ 36.Kf1 Qe3 37.Rc2 Qxf3 38.Qf8 Qg2+ 39.Ke1 Qg1+ 40.Kd2 Qxf2+
41.Kc1 Nd3+ 42.Kb1 Qf1+ 43.Ka2 Qf6 44.Kb1 e4 0-1

[Event "Team women chess final 2021"]
[Site "?"]
[Date "2021.05.10"]
[Round "9.3"]
[White "Yurasova, Daria"]
[Black "Bivol, Alina"]
[Result "1/2-1/2"]
[WhiteElo "2101"]
[BlackElo "2385"]
[PlyCount "62"]
[EventDate "2021.??.??"]

1.d4 Nf6 2.c4 g6 3.Nc3 d5 4.cxd5 Nxd5 5.e4 Nxc3 6.bxc3 c5 7.Be3
Bg7 8.Nf3 Qa5 9.Nd2 Be6 10.Be2 O-O 11.O-O cxd4 12.cxd4 f5 13.Nb3
Qd8 14.Nc5 Bc8 15.Nxb7 Bxb7 16.Qb3+ Bd5 17.exd5 Nd7 18.Bf4 Nf6
19.Bf3 Ne4 20.Bxe4 fxe4 21.Be5 Rf5 22.d6+ Rf7 23.dxe7 Qxe7 24.Qd5
Rd8 25.Qxe4 Rxd4 26.Qxd4 Bxe5 27.Qe3 Bxa1 28.Qxe7 Rxe7 29.Rxa1
Re2 30.Kf1 Rb2 31.a4 a5 1/2-1/2

[Event "Team women chess final 2021"]
[Site "?"]
[Date "2021.05.10"]
[Round "9.4"]
[White "Voit, Daria"]
[Black "Garmash, Aliona"]
[Result "1-0"]
[WhiteElo "2360"]
[BlackElo "2052"]
[PlyCount "166"]
[EventDate "2021.??.??"]

1.d4 d5 2.c4 c6 3.Nf3 Nf6 4.e3 Bf5 5.Nc3 a6 6.Qb3 b5 7.cxd5 cxd5
8.Ne5 Nbd7 9.a4 b4 10.Nxd5 Nxe5 11.Nxf6+ exf6 12.dxe5 fxe5 13.Bc4
Qd7 14.O-O Be6 15.Bxe6 Qxe6 16.Qxe6+ fxe6 17.b3 Bd6 18.Bb2 Ke7
19.Rfc1 Rac8 20.Kf1 Rhd8 21.Ke2 g6 22.e4 Kd7 23.Rxc8 Rxc8 24.Rc1
Rf8 25.Rc4 Rb8 26.Bc1 Rb7 27.Bh6 Rb8 28.Rc1 Rg8 29.Kf3 Rb8 30.Kg4
Rg8 31.h4 Rb8 32.g3 Rg8 33.Be3 Rf8 34.h5 gxh5+ 35.Kxh5 Rf7 36.Kg4
Rg7+ 37.Kf3 Rf7+ 38.Ke2 Rf8 39.Rh1 Rf7 40.Rh5 Kc6 41.Rg5 Kb7
42.Bd2 Kc6 43.Rg8 Bf8 44.Be3 Kb7 45.g4 Kc6 46.f3 Kb7 47.Bf2 Kc6
48.Bg3 Bd6 49.Ra8 Kb7 50.Re8 Rf6 51.Bf2 Rh6 52.Rd8 Bc7 53.Rd7
Rh1 54.g5 Rh5 55.Be3 Kc6 56.Re7 Kd6 57.Rg7 Rh2+ 58.Kd3 Rh3 59.Rf7
Kc6 60.Rf6 Bd6 61.Rxe6 Rxf3 62.Rh6 Rf7 63.Kc4 Rf3 64.Bd2 a5 65.Rxh7
Rf2 66.Kd3 Rf3+ 67.Kc2 Rg3 68.Ra7 Bc7 69.Ra8 Bb6 70.Rc8+ Kd6
71.Rf8 Rg2 72.Kd3 Rg3+ 73.Kc4 Ke7 74.Rf6 Bd8 75.Ra6 Rg2 76.Be3
Rc2+ 77.Kd5 Rc3 78.Bb6 Bxb6 79.Rxb6 Rxb3 80.Kxe5 Rg3 81.Rb7+
Kd8 82.Kf4 Rg1 83.Rb5 Rg2 1-0

[Event "Team women chess final 2021"]
[Site "?"]
[Date "2021.05.10"]
[Round "9.5"]
[White "Gunina, Valentina"]
[Black "Protopopova, Anastasiya"]
[Result "1-0"]
[WhiteElo "2421"]
[BlackElo "2267"]
[PlyCount "73"]
[EventDate "2021.??.??"]

1.d4 Nf6 2.c4 e6 3.Nf3 Bb4+ 4.Bd2 a5 5.g3 d6 6.Bg2 Nbd7 7.O-O
e5 8.Be3 O-O 9.a3 exd4 10.Bxd4 Bc5 11.Nc3 Re8 12.Qc2 c6 13.Rad1
Qc7 14.Ng5 Bxd4 15.Rxd4 Nc5 16.Rfd1 h6 17.Nge4 Ncxe4 18.Nxe4
Nxe4 19.Bxe4 Rd8 20.Qd2 Be6 21.Qf4 Qb6 22.Rxd6 Rxd6 23.Qxd6 Bxc4
24.Rd2 Re8 25.Qd7 Kf8 26.Qf5 Re6 27.Qh7 Ke7 28.Bf3 Rg6 29.Bh5
Rg5 30.Qe4+ Be6 31.Bf3 Rb5 32.Qc2 Rb3 33.e3 Qb5 34.Bd1 Qe5 35.e4
Qb5 36.Qc1 Rd3 37.Be2 1-0

[Event "Team women chess final 2021"]
[Site "?"]
[Date "2021.05.10"]
[Round "9.6"]
[White "Lysenko, Margarita"]
[Black "Badelka, Olga"]
[Result "1-0"]
[WhiteElo "2207"]
[BlackElo "2433"]
[PlyCount "79"]
[EventDate "2021.??.??"]

1.d4 Nf6 2.c4 e6 3.Nc3 Bb4 4.f3 d5 5.a3 Be7 6.e4 dxc4 7.Bxc4
c5 8.d5 exd5 9.Nxd5 Nxd5 10.Bxd5 Nc6 11.Ne2 Be6 12.O-O Bxd5 13.exd5
Ne5 14.f4 Nd7 15.Nc3 O-O 16.Be3 Bd6 17.Qf3 Re8 18.Rae1 a6 19.Ne4
Bf8 20.Bf2 Rc8 21.Re2 h6 22.Rfe1 Qc7 23.Bh4 Bd6 24.Nxd6 Rxe2
25.Rxe2 Qxd6 26.Be7 Qb6 27.h3 c4+ 28.Kh2 Qd4 29.Qg4 Qxd5 30.Bf6
g6 31.Bc3 Qf5 32.Qh4 h5 33.Qf2 Qc5 34.Qg3 Kh7 35.Qf3 Rg8 36.Qxb7
Qf5 37.Qf3 Rd8 38.Rd2 Re8 39.Rd5 Qe6 40.Rxh5+ 1-0

[Event "Team women chess final 2021"]
[Site "?"]
[Date "2021.05.10"]
[Round "9.7"]
[White "Maltsevskaya, Aleksandra"]
[Black "Smirnova, Ekaterina"]
[Result "1-0"]
[WhiteElo "2360"]
[BlackElo "2240"]
[PlyCount "145"]
[EventDate "2021.??.??"]

1.Nf3 e6 2.g3 b5 3.a4 b4 4.d3 Bb7 5.Bg2 c5 6.e4 Nc6 7.O-O d6
8.d4 e5 9.c3 Nf6 10.a5 Bc8 11.dxc5 dxc5 12.Qxd8+ Kxd8 13.Nbd2
Ba6 14.Rd1 Be2 15.Re1 Ba6 16.Bf1 Bxf1 17.Kxf1 Bd6 18.Nc4 Ke7
19.Bg5 Ke6 20.Bxf6 gxf6 21.Nxd6 Kxd6 22.Red1+ Kc7 23.Rd5 bxc3
24.bxc3 Rab8 25.Rxc5 Rhd8 26.Ra2 Rd1+ 27.Ke2 Rdb1 28.Nd2 R1b5
29.Rxb5 Rxb5 30.Nc4 a6 31.Ra1 Ne7 32.Rd1 f5 33.Nd6 Rxa5 34.exf5
Nd5 35.Ne4 Ra4 36.Rxd5 Rxe4+ 37.Kd3 Re1 38.Kd2 Rf1 39.Ke2 Rh1
40.Rxe5 Kd6 41.Ra5 Rxh2 42.Rxa6+ Ke5 43.Ra5+ Kd6 44.Ra4 Rh5 45.Rh4
Rxf5 46.Rxh7 Ke6 47.Rh6+ f6 48.Rh4 Rc5 49.c4 Ra5 50.Rd4 Ra1 51.Rd1
Ra3 52.Rc1 Kd6 53.c5+ Kc6 54.g4 Rb3 55.f3 Ra3 56.Kf2 Rb3 57.Kg3
Rb4 58.Re1 Kd5 59.Rc1 Kc6 60.Rc3 Ra4 61.f4 Rb4 62.g5 fxg5 63.fxg5
Rb1 64.Kg4 Rg1+ 65.Kf5 Rf1+ 66.Ke6 Rg1 67.Kf6 Rf1+ 68.Kg7 Rg1
69.g6 Rg2 70.Kf7 Rf2+ 71.Kg8 Rg2 72.g7 Rf2 73.Rh3 1-0

[Event "Team women chess final 2021"]
[Site "?"]
[Date "2021.05.10"]
[Round "9.8"]
[White "Usacheva, Glafira"]
[Black "Solozhenkina, Elizaveta"]
[Result "0-1"]
[WhiteElo "1736"]
[BlackElo "2308"]
[PlyCount "64"]
[EventDate "2021.??.??"]

1.d4 Nf6 2.c4 e6 3.Nf3 d5 4.g3 dxc4 5.Bg2 a6 6.O-O Nc6 7.e3 Rb8
8.Nfd2 e5 9.Bxc6+ bxc6 10.dxe5 Ng4 11.Nxc4 Be6 12.Qe2 h5 13.Rd1
Qc8 14.Nbd2 h4 15.Nf3 hxg3 16.hxg3 Bc5 17.Nd4 Bd5 18.e4 Nxf2
19.exd5 Nxd1 20.Qxd1 Qh3 21.Kf2 Qh2+ 22.Kf3 Qh5+ 23.g4 Qh3+ 24.Kf4
Qh2+ 25.Ke4 cxd5+ 26.Kxd5 Bxd4 27.Qa4+ Rb5+ 28.Kxd4 Qg1+ 29.Ne3
O-O 30.b3 Rd8+ 31.Ke4 Qh2 32.Nc4 Qc2+ 0-1

[Event "Team women chess final 2021"]
[Site "?"]
[Date "2021.05.10"]
[Round "9.9"]
[White "Ushenina, Anna"]
[Black "Bodnaruk, Anastasia"]
[Result "1-0"]
[WhiteElo "2416"]
[BlackElo "2457"]
[PlyCount "185"]
[EventDate "2021.??.??"]

1.d4 Nf6 2.c4 g6 3.Nf3 Bg7 4.g3 O-O 5.Bg2 d6 6.O-O Nc6 7.Nc3
a6 8.b3 Rb8 9.d5 Na5 10.Bg5 c5 11.dxc6 Nxc6 12.Rc1 h6 13.Bd2
e6 14.h3 Ne7 15.a4 b6 16.Rc2 Bb7 17.Bf4 e5 18.Bc1 Nf5 19.e3 Qe7
20.Ba3 Rfd8 21.Qe2 Ne4 22.Nd5 Bxd5 23.cxd5 Nc5 24.Nd2 a5 25.Rfc1
Qf8 26.Rc4 Qe8 27.Rb1 Ne7 28.e4 Qd7 29.h4 Rf8 30.f3 f5 31.Bh3
Qa7 32.Rc2 Kh8 33.Qb5 Rf7 34.Bg2 Ng8 35.b4 axb4 36.Bxb4 Rff8
37.Nc4 Qe7 38.Qc6 Rf6 39.Bxc5 dxc5 40.d6 Qd8 41.Rxb6 Rxb6 42.Qxb6
Qxb6 43.Nxb6 Rxd6 44.a5 fxe4 45.fxe4 Nf6 46.Ra2 Ne8 47.Nd5 Ra6
48.Bf1 Ra7 49.a6 Nd6 50.Rb2 Bf8 51.Rb8 Kg7 52.Nc3 c4 53.Rb6 Be7
54.Kf2 Kf8 55.Ke2 Ra8 56.Bh3 Ra7 57.Be6 Kg7 58.Nd5 Bf8 59.Kf3
Ra8 60.Ne3 c3 61.Nc2 Be7 62.Bd5 Ra7 63.Ke2 Nc8 64.Rc6 Nd6 65.Kd3
Nb5 66.Rb6 Nd4 67.Ne3 Bc5 68.Rb7+ Kf8 69.Rb8+ Kg7 70.Rc8 Bb6
71.Bc4 Rd7 72.Kxc3 Ne2+ 73.Bxe2 Bxe3 74.Rb8 Kf6 75.g4 Ke7 76.Bc4
Bf2 77.Rg8 g5 78.hxg5 hxg5 79.Rxg5 Kd6 80.Kb4 Rh7 81.Rg6+ Kc7
82.Kb5 Bd4 83.Rc6+ Kb8 84.Be6 Ka7 85.Rd6 Rh1 86.Rd7+ Kb8 87.Rb7+
Ka8 88.Bd5 Rb1+ 89.Kc6 Rh1 90.g5 Rg1 91.Kd6 Rg4 92.a7 Bxa7 93.Rb5# 1-0

[Event "Team women chess final 2021"]
[Site "?"]
[Date "2021.05.10"]
[Round "9.10"]
[White "Belenkaya, Dina"]
[Black "Pogonina, Natalija"]
[Result "0-1"]
[WhiteElo "2304"]
[BlackElo "2472"]
[PlyCount "108"]
[EventDate "2021.??.??"]

1.e4 e5 2.Nf3 Nc6 3.Nc3 Nf6 4.a3 Be7 5.d4 exd4 6.Nxd4 O-O 7.Nxc6
dxc6 8.Qxd8 Rxd8 9.Be3 Ng4 10.Bf4 Bd6 11.Bxd6 cxd6 12.h3 Ne5
13.f4 Ng6 14.g3 f5 15.Bc4+ Kf8 16.Bd3 Ne7 17.O-O-O h6 18.exf5
Bxf5 19.Bxf5 Nxf5 20.g4 Ne3 21.Rd3 Nc4 22.Ne4 b6 23.Ng3 d5 24.a4
Nd6 25.f5 Re8 26.Rf1 Kf7 27.b3 Re5 28.c4 Rae8 29.cxd5 Rxd5 30.Rfd1
Ree5 31.Nh5 Ne4 32.Nf4 Rxd3 33.Rxd3 Nc5 34.Rc3 a5 35.Kc2 Re4
36.Nd3 Re2+ 37.Kd1 Re3 38.Kc2 Nxd3 39.Rxd3 Rxd3 40.Kxd3 Kf6 41.Ke4
Kg5 42.Ke5 Kh4 43.f6 gxf6+ 44.Kxf6 b5 45.Kg6 bxa4 46.bxa4 c5
47.Kxh6 c4 48.g5 c3 49.g6 c2 50.g7 c1Q+ 51.Kh7 Kh5 52.h4 Qh6+
53.Kg8 Kg6 54.h5+ Kf6 0-1

[Event "Team women chess final 2021"]
[Site "?"]
[Date "2021.05.10"]
[Round "9.11"]
[White "Girya, Olga"]
[Black "Getman, Tatyana"]
[Result "1-0"]
[WhiteElo "2451"]
[BlackElo "2201"]
[PlyCount "115"]
[EventDate "2021.??.??"]

1.d4 Nf6 2.c4 e6 3.Nf3 d5 4.Nc3 Bb4 5.cxd5 exd5 6.Bg5 Nbd7 7.e3
c5 8.Be2 c4 9.Nd2 Qa5 10.Qc2 O-O 11.O-O Re8 12.Bh4 g6 13.Bf3
Kg7 14.a3 Bxc3 15.Qxc3 Qxc3 16.bxc3 Nb6 17.a4 a5 18.Rfb1 Ra6
19.Bxf6+ Kxf6 20.e4 Bd7 21.exd5 Bxa4 22.d6 Bc6 23.Bxc6 bxc6 24.f3
Kg7 25.Ne4 Nd7 26.Rb7 Rd8 27.Rxd7 Rxd7 28.Nc5 Raa7 29.Nxd7 Rxd7
30.Rxa5 h5 31.Rc5 Rxd6 32.h4 Kf6 33.Kf2 Re6 34.Kg3 Ke7 35.Kf4
Rf6+ 36.Kg5 Rd6 37.Rxc4 Kf8 38.Rc5 Kg7 39.Kf4 f6 40.Ra5 Kf7 41.Ra7+
Ke6 42.Ke4 f5+ 43.Kf4 Kf6 44.Ra6 Ke6 45.Ke3 Ke7 46.c4 Kd7 47.Ra7+
Ke8 48.Rc7 Kd8 49.Rg7 Ke8 50.c5 Re6+ 51.Kf4 Kf8 52.Rd7 Re2 53.g3
Ke8 54.Rd6 Rd2 55.Ke3 Rg2 56.Rxg6 Kd7 57.Kf4 Rf2 58.Rh6 1-0

[Event "Team women chess final 2021"]
[Site "?"]
[Date "2021.05.10"]
[Round "9.12"]
[White "Styazhkina, Anna"]
[Black "Kovanova, Baira"]
[Result "1-0"]
[WhiteElo "2235"]
[BlackElo "2330"]
[PlyCount "77"]
[EventDate "2021.??.??"]

1.e4 e5 2.Nf3 Nc6 3.Bc4 Bc5 4.c3 Nf6 5.d3 a6 6.O-O d6 7.Bb3 Ba7
8.Nbd2 O-O 9.h3 h6 10.Re1 Nh5 11.Nf1 Qf6 12.Be3 Nf4 13.Ng3 g6
14.d4 h5 15.Bc2 Ne7 16.b4 Be6 17.a4 Rfd8 18.b5 a5 19.Qd2 g5 20.Nxh5
Nxh5 21.Bxg5 Qg7 22.Bxe7 Nf4 23.Bg5 Bxh3 24.gxh3 f6 25.Kh2 fxg5
26.Rg1 Qh6 27.Rxg5+ Kh8 28.Rg3 Rg8 29.Rag1 Rg7 30.dxe5 dxe5 31.Nxe5
Rf8 32.Bd1 Qe6 33.Ng4 Qxe4 34.Bc2 Qe7 35.Nh6 Qh4 36.Nf5 Rxg3
37.Rxg3 Rxf5 38.Bxf5 Bc5 39.Qd7 1-0